<?xml version="1.0" encoding="UTF-8"?><?xml-stylesheet type="text/xsl" href="static/style.xsl"?><OAI-PMH xmlns="http://www.openarchives.org/OAI/2.0/" xmlns:xsi="http://www.w3.org/2001/XMLSchema-instance" xsi:schemaLocation="http://www.openarchives.org/OAI/2.0/ http://www.openarchives.org/OAI/2.0/OAI-PMH.xsd"><responseDate>2026-04-17T17:23:45Z</responseDate><request verb="GetRecord" identifier="oai:www.recercat.cat:20.500.12328/5140" metadataPrefix="marc">https://recercat.cat/oai/request</request><GetRecord><record><header><identifier>oai:recercat.cat:20.500.12328/5140</identifier><datestamp>2025-11-19T02:56:05Z</datestamp><setSpec>com_2072_67741</setSpec><setSpec>col_2072_484352</setSpec></header><metadata><record xmlns="http://www.loc.gov/MARC21/slim" xmlns:dcterms="http://purl.org/dc/terms/" xmlns:xsi="http://www.w3.org/2001/XMLSchema-instance" xmlns:doc="http://www.lyncode.com/xoai" xsi:schemaLocation="http://www.loc.gov/MARC21/slim http://www.loc.gov/standards/marcxml/schema/MARC21slim.xsd">
   <leader>00925njm 22002777a 4500</leader>
   <datafield ind2=" " ind1=" " tag="042">
      <subfield code="a">dc</subfield>
   </datafield>
   <datafield ind2=" " ind1=" " tag="720">
      <subfield code="a">Delgado García, Ana María</subfield>
      <subfield code="e">author</subfield>
   </datafield>
   <datafield ind2=" " ind1=" " tag="720">
      <subfield code="a">Oliver Cuello, Rafael</subfield>
      <subfield code="e">author</subfield>
   </datafield>
   <datafield ind2=" " ind1=" " tag="260">
      <subfield code="c">2009-07</subfield>
   </datafield>
   <datafield ind2=" " ind1=" " tag="520">
      <subfield code="a">En  el  contexto  del  aprendizaje  a  lo  largo  de  toda  la  vida  y  del  aprendizaje  autónomo, característicos   del   Espacio   Europeo   de   Educación   Superior,   es   preciso   fomentar   la autoevaluación formativa, como complemento a la evaluación continua. Mediante este tipo de  autoevaluación,  el  estudiante  puede  ir  aplicando    los  conocimientos  y  ejercitando  las diferentes  competencias  a  alcanzar  en  cada  asignatura.  Con  lo  cual,  estará  en  mejor disposición de ser evaluado durante y, en su caso, al final del proceso de aprendizaje.  Las  actividades  de  autoevaluación  deben  estar  diseñadas  para  que  sean  útiles  para  los estudiantes   (formato,   contenido,   complejidad...),   siendo   especialmente   importante   el retorno  inmediato,  lo  más  detallado  posible,  que  se  proporciona  al  estudiante  sobre  los resultados obtenidos.</subfield>
   </datafield>
   <datafield ind1="8" ind2=" " tag="024">
      <subfield code="a">Delgado García, Ana María y Oliver Cuello, Rafael. Interacción entre la evaluación continua y  la  autoevaluación  formativa:  La  potenciación  del aprendizaje  autónomo. Revista de Docencia Universitaria, 2009, 4. Disponible en &lt;https://polipapers.upv.es/index.php/REDU/article/view/6234/6284>. Fecha de acceso: 17 nov. 2025. DOI: 10.4995/redu</subfield>
   </datafield>
   <datafield ind1="8" ind2=" " tag="024">
      <subfield code="a">1887-4592</subfield>
   </datafield>
   <datafield ind1="8" ind2=" " tag="024">
      <subfield code="a">http://hdl.handle.net/20.500.12328/5140</subfield>
   </datafield>
   <datafield ind1="8" ind2=" " tag="024">
      <subfield code="a">10.4995/redu</subfield>
   </datafield>
   <datafield tag="653" ind2=" " ind1=" ">
      <subfield code="a">Autoevaluación formativa</subfield>
   </datafield>
   <datafield tag="653" ind2=" " ind1=" ">
      <subfield code="a">Evaluación continua</subfield>
   </datafield>
   <datafield tag="653" ind2=" " ind1=" ">
      <subfield code="a">Aprendizaje autónomo</subfield>
   </datafield>
   <datafield tag="653" ind2=" " ind1=" ">
      <subfield code="a">Formative self-assessment</subfield>
   </datafield>
   <datafield tag="653" ind2=" " ind1=" ">
      <subfield code="a">Continuous assessment</subfield>
   </datafield>
   <datafield tag="653" ind2=" " ind1=" ">
      <subfield code="a">Autonomous learning</subfield>
   </datafield>
   <datafield tag="653" ind2=" " ind1=" ">
      <subfield code="a">Autoavaluació formativa</subfield>
   </datafield>
   <datafield tag="653" ind2=" " ind1=" ">
      <subfield code="a">Avaluació contínua</subfield>
   </datafield>
   <datafield tag="653" ind2=" " ind1=" ">
      <subfield code="a">Aprenentatge autònom</subfield>
   </datafield>
   <datafield ind2="0" ind1="0" tag="245">
      <subfield code="a">Interacción entre la evaluación continua y la autoevaluación formativa: La potenciación del aprendizaje autónomo</subfield>
   </datafield>
</record></metadata></record></GetRecord></OAI-PMH>